Forest entomology laboratory manual /

Na minha lista:
Detalhes bibliográficos
Autor principal: Stark, Ronald W.
Outros Autores: Wood, David L.
Formato: Livro
Idioma:English
Publicado em: Berkeley : ASUC Store, University of California, 1962.
Assuntos:
LEADER 00902cam a2200265 a 4500
001 c000287229
003 CARM
005 20081006084849.0
008 810715s1962 caua 000 0 eng d
019 1 |a 50075280  |5 LACONCORD2021 
035 |a (OCoLC)7586856  |5 LACONCORD2021 
040 |a VCAV  |c VCAV 
070 1 |a 423  |b St27 
072 0 |a K000 
072 0 |a L000 
082 0 4 |a 634.967 
100 1 |a Stark, Ronald W. 
245 1 0 |a Forest entomology laboratory manual /  |c R.W. Stark, David L. Wood. 
260 |a Berkeley :  |b ASUC Store, University of California,  |c 1962. 
300 |a 106 l. :  |b ill. ;  |c 28 cm. 
650 0 |a Forest insects. 
700 1 |a Wood, David L. 
852 8 |b CARM  |h A1:AR33D0  |i F05135  |p 0515254  |f BK 
999 f f |i 624302d5-7fce-51be-8eec-220204146e25  |s 85deacdc-d647-576d-bae9-71bcdd5ef112 
952 f f |p Can circulate  |a CAVAL  |b CAVAL  |c CAVAL  |d CARM 1 Store  |e F05135  |f A1:AR33D0  |h Other scheme  |i book  |m 0515254